000 00849cam a2200241 a 4500
001 000018521
005 20200929165822.0
008 760817s1975 cu b f000 1 spa d
040 _aDO-SdBNP
_bspa
_cLC
_dBNPHU
082 _aCu863.4408
_bC965
245 0 3 _aEl cuento en la revolución :
_bantología /
_cprólogo Félix Pita Rodríguez.
260 _aLa Habana :
_bUnión de Escritores y Artistas de Cuba,
_c1975.
300 _a379 p. ;
_c21 cm.
490 1 _aContemporáneos
504 _aIncluye bibliográfias.
650 4 _aCuentos cubanos
_xColecciones
_921659
650 4 _aLiteratura cubana
_ySIGLO XX.
_xColecciones
_940053
700 1 _aPita Rodríguez, Félix,
_epról.
_940054
710 1 _aUnión de Artistas y Escritores de Cuba.
_940055
830 0 _aContemporáneos
_96941
910 _aCatalogación derivada / LC
049 _aBNGR
999 _c18041
_d18041